Statistics for K-Pop Songs That Start With D

Click here to take the quiz!

General Stats

  • This quiz has been taken 60 times
  • The average score is 5 of 20

Answer Stats

ArtistYearSong% Correct
BTS2015Dope
69%
J-Hope2018Daydream
51%
BTS2017DNA
51%
Red Velvet2015Dumb Dumb
45%
BTS2014Danger
43%
EXID2017DDD
41%
EXO X Yoo Jae Suk2016Dancing King
39%
KARD2017Don't Recall
29%
Akmu2017Dinosaur
24%
Suzy X Baekhyun2016Dream
18%
iKon2015Dumb & Dumber
18%
WJSN2018Dreams Come True
14%
Lovelyz2016Destiny
10%
Seohyun2017Don't Say No
10%
F(x)2011Danger
8%
Yesung X Seulgi2017Darling U
8%
Primary ft. Park Choa and Iron2015Don't Be Shy
6%
Crayon Pop2016Doo Doom Chit
6%
2NE12014Do You Love Me
6%
DIA L.U.B.2017Darling My Sugar
4%

Score Distribution

Percentile by Number Answered

Percent of People with Each Score

Your Score History

You have not taken this quiz